000 00669nam a22001937a 4500
005 20251108164741.0
008 250721s1992 xx 000 0 ara d
082 1 4 _a615.89/حسا
100 1 _aباشا، حسان شمسي
245 1 0 _aمعجزة الإستشفاء بالعسل و الغذاء الملكي :
_bحقائق و براهين /
250 _aط3.
264 1 _aجده :
_bمكتبة السوادي للتوزيع،
_c1992.
300 _a233ص
490 0 _aموسوعة الطب النبوي بين الإعجاز و العلم الحديث ؛ 1
650 1 7 _aالطب الشعبي
650 1 7 _aالعسل
942 _2ddc
_cBK
999 _c13430
_d13430